[Event "San Francisco TNM Winter op"]
[Site "San Francisco"]
[Date "2016.02.02"]
[Round "5"]
[White "Winslow, Elliott C"]
[Black "Critelli, James M"]
[Result "0-1"]
[WhiteElo "2311"]
[BlackElo "2366"]
[PlyCount "146"]
[EventDate "2016.01.05"]
[EventType "swiss"]
[EventRounds "8"]
[EventCountry "USA"]
[SourceTitle "EXT 2018"]
[Source "ChessBase"]
[SourceDate "2017.10.13"]
[SourceVersion "1"]
[SourceVersionDate "2017.10.13"]
[SourceQuality "1"]

1. d4 Nf6 2. c4 e6 3. Nf3 a6 4. Nc3 c5 5. d5 exd5 6. cxd5 d6 7. a4 g6 8. Nd2 Nfd7 9. e4 Bg7 10. Nc4 Ne5 11. Ne3 0-0 12. f4 Ned7 13. Bd3 Re8 14. 0-0 Bd4 15. Qf3 Qh4 16. g3 Qh3 17. Ncd1 Nf6 18. Nf2 Qh5 19. Qxh5 gxh5 20. Re1 Re7 21. Kg2 Ne8 22. Nc4 Nd7 23. Be3 Bg7 24. e5 dxe5 25. d6 Re6 26. Ne4 exf4 27. Bxf4 b6 28. Ng5 Bb7+ 29. Kh3 Rxe1 30. Rxe1 h6 31. Ne4 b5 32. Na5 Bd5 33. Nc3 Be6+ 34. Kg2 c4 35. Be4 Rc8 36. Nc6 Bf8 37. axb5 Nxd6 38. Bxd6 Bxd6 39. Rd1 Bc5 40. Nd5 Kf8 41. Nf4 Bg4 42. Rd5 axb5 43. h3 Rxc6 44. hxg4 Rd6 45. Rxh5 Rd2+ 46. Kh3 Nf6 47. Rxc5 Nxe4 48. Rc8+ Ke7 49. g5 hxg5 50. Nh5 f5 51. g4 f4 52. Ng7 Nf2+ 53. Kg2 Nxg4+ 54. Kf3 Ne5+ 55. Ke4 Re2+ 56. Kf5 f3 57. Rc7+ Kd6 58. Ne8+ Kd5 59. Nf6+ Kd4 60. Rc8 f2 61. Rd8+ Kc5 62. Rd1 Re1 63. Ne4+ Kb4 64. Nxf2 Rxd1 65. Nxd1 Nd3 66. Kxg5 Nxb2 67. Nxb2 c3 68. Nd3+ Kc4 69. Nc1 b4 70. Kf4 b3 71. Nxb3 Kxb3 72. Ke3 c2 73. Kd3 c1Q 0-1

[Event "San Francisco TNM Fall op"]
[Site "San Francisco"]
[Date "2015.12.01"]
[Round "7"]
[White "Critelli, James M"]
[Black "Stearman, Josiah P"]
[Result "1-0"]
[WhiteElo "2296"]
[BlackElo "2080"]
[PlyCount "55"]
[EventDate "2015.10.20"]
[EventType "swiss"]
[EventRounds "9"]
[EventCountry "USA"]
[SourceTitle "EXT 2023"]
[Source "ChessBase"]
[SourceDate "2022.10.05"]
[SourceVersion "1"]
[SourceVersionDate "2022.10.05"]
[SourceQuality "1"]

1. e4 c5 2. b3 Nc6 3. Bb2 e5 4. Nc3 d6 5. g3 f5 6. exf5 Bxf5 7. Bg2 Nf6 8. Nge2 d5 9. d3 Qd6 10. Qd2 0-0-0 11. f4 a6 12. fxe5 Nxe5 13. d4 Nc6 14. 0-0 Be6 15. dxc5 Qxc5+ 16. Kh1 Be7 17. Rad1 Ne4 18. Qe1 Rhe8 19. Nf4 Bg4 20. Rxd5 Rxd5 21. Nfxd5 Nd6 22. Qd2 Bd8 23. Na4 Qa7 24. Qf4 Bd7 25. Qxd6 Re6 26. Qc5 Qxc5 27. Nxc5 Re2 28. Nxd7 1-0

[Event "San Francisco Leighton Memorial"]
[Site "San Francisco"]
[Date "2015.09.29"]
[Round "9"]
[White "Stearman, Josiah P"]
[Black "Critelli, James M"]
[Result "0-1"]
[WhiteElo "2026"]
[BlackElo "2296"]
[PlyCount "54"]
[EventDate "2015.08.04"]
[EventType "swiss"]
[EventRounds "9"]
[EventCountry "USA"]
[SourceTitle "EXT 2023"]
[Source "ChessBase"]
[SourceDate "2022.10.05"]
[SourceVersion "1"]
[SourceVersionDate "2022.10.05"]
[SourceQuality "1"]

1. e4 c5 2. Nc3 d6 3. g3 Nc6 4. Bg2 g6 5. d3 Bg7 6. Be3 Nh6 7. Qc1 Ng4 8. Bd2 f5 9. f3 Nf6 10. Bh6 0-0 11. Nge2 e5 12. exf5 Bxf5 13. Bxg7 Kxg7 14. g4 Be6 15. h4 Nd4 16. h5 gxh5 17. Ng3 hxg4 18. Qh6+ Kh8 19. fxg4 Bxg4 20. Kd2 Qe7 21. Raf1 Ng8 22. Qe3 Rxf1 23. Rxf1 Rf8 24. Nd5 Qg7 25. Rxf8 Qxf8 26. Ne4 Ne6 27. Qg3 Bh5 0-1

[Event "World op 36th"]
[Site "Philadelphia"]
[Date "2008.07.03"]
[Round "2"]
[White "Critelli, James M"]
[Black "Shulman, Yuri"]
[Result "0-1"]
[WhiteElo "2296"]
[BlackElo "2623"]
[PlyCount "60"]
[EventDate "2008.07.02"]
[EventType "swiss"]
[EventRounds "9"]
[EventCountry "USA"]
[SourceTitle "CBM 125 Extra"]
[Source "ChessBase"]
[SourceDate "2008.09.01"]
[SourceVersion "1"]
[SourceVersionDate "2008.09.01"]
[SourceQuality "1"]

1. e4 e6 2. d4 d5 3. Nd2 Be7 4. Ngf3 Nf6 5. Bd3 c5 6. exd5 Qxd5 7. dxc5 Nbd7 8. Nb3 Nxc5 9. Nxc5 Qxc5 10. 0-0 0-0 11. Qe2 b6 12. Ng5 Bb7 13. Ne4 Qd5 14. Nxf6+ Bxf6 15. f3 Rfd8 16. Be4 Qe5 17. c3 Rd7 18. Re1 Bxe4 19. Qxe4 Qxe4 20. Rxe4 Rd1+ 21. Kf2 Rh1 22. f4 Rd8 23. Re1 Bh4+ 24. g3 Rxh2+ 25. Kf3 Rh3 26. Kg4 Rxg3+ 27. Kxh4 Rdd3 28. Rh1 f5 29. b3 h6 30. Ba3 Rg4+ 0-1

[Event "Foxwoods op 10th"]
[Site "Ledyard"]
[Date "2008.03.22"]
[Round "6"]
[White "Formanek, Edward W"]
[Black "Critelli, James M"]
[Result "1/2-1/2"]
[WhiteElo "2274"]
[BlackElo "2346"]
[PlyCount "56"]
[EventDate "2008.03.19"]
[EventType "swiss"]
[EventRounds "9"]
[EventCountry "USA"]
[SourceTitle "CBM 123 Extra"]
[Source "ChessBase"]
[SourceDate "2008.05.06"]
[SourceVersion "1"]
[SourceVersionDate "2008.05.06"]
[SourceQuality "1"]

1. e4 c5 2. Nf3 d6 3. Bb5+ Nd7 4. c4 Ngf6 5. Nc3 e6 6. d4 cxd4 7. Qxd4 Be7 8. Ba4 0-0 9. Bc2 a6 10. 0-0 Qc7 11. a4 b6 12. Bg5 Bb7 13. Rac1 Rfd8 14. Bh4 Ne5 15. Nd2 Qc5 16. Ne2 Nc6 17. Qc3 Rac8 18. Nf4 Qe5 19. Ne2 Qh5 20. Nf3 Nxe4 21. Bxe4 Bxh4 22. Qe3 Rd7 23. Nf4 Qh6 24. Nxe6 Qxe3 25. fxe3 fxe6 26. Nxh4 Ne5 27. Bxb7 Rxb7 28. b3 Rf7 1/2-1/2

[Event "Philadelphia National op 38th"]
[Site "Philadelphia"]
[Date "2007.11.23"]
[Round "2"]
[White "Ibragimov, Ildar"]
[Black "Critelli, James M"]
[Result "1/2-1/2"]
[WhiteElo "2598"]
[BlackElo "2321"]
[PlyCount "21"]
[EventDate "2007.11.23"]
[EventType "swiss"]
[EventRounds "6"]
[EventCountry "USA"]
[SourceTitle "EXT 2012"]
[Source "ChessBase"]
[SourceDate "2011.11.24"]
[SourceVersion "1"]
[SourceVersionDate "2011.11.24"]
[SourceQuality "1"]

1. b3 e5 2. Bb2 Nc6 3. e3 g6 4. Bb5 Nge7 5. f4 Bg7 6. Nf3 a6 7. Bxc6 Nxc6 8. fxe5 d6 9. d4 dxe5 10. d5 Nb8 11. 0-0 1/2-1/2

[Event "USA tt"]
[Site "ICC INT"]
[Date "2007.09.17"]
[Round "4"]
[White "Critelli, James M"]
[Black "Molner, Mackenzie"]
[Result "1/2-1/2"]
[WhiteElo "2262"]
[BlackElo "2293"]
[PlyCount "68"]
[EventDate "2007.08.29"]
[EventType "team-tourn"]
[EventRounds "10"]
[EventCountry "USA"]
[SourceTitle "CBM 120 Extra"]
[Source "ChessBase"]
[SourceDate "2007.11.01"]
[SourceVersion "1"]
[SourceVersionDate "2007.11.01"]
[SourceQuality "1"]

1. e4 d6 2. d4 Nf6 3. Nc3 g6 4. Be3 c6 5. Qd2 b5 6. Bd3 Nbd7 7. Nf3 Qc7 8. 0-0 Bg7 9. Bh6 0-0 10. Ne2 c5 11. Bxg7 Kxg7 12. c3 Bb7 13. d5 Ne5 14. Nxe5 dxe5 15. Ng3 c4 16. Bc2 e6 17. dxe6 fxe6 18. a4 a6 19. Qe3 Nd7 20. Ne2 Nc5 21. h4 Rad8 22. axb5 axb5 23. Rfd1 h6 24. f3 Rxd1+ 25. Rxd1 Ra8 26. Nc1 Ra1 27. Qd2 Qe7 28. Qe3 Bc6 29. Kf1 Nd7 30. g3 b4 31. cxb4 Qxb4 32. Qc3 Qxc3 33. bxc3 Nc5 34. Ke2 Ba4 1/2-1/2

[Event "New York State-ch 129th"]
[Site "New York"]
[Date "2007.09.02"]
[Round "4"]
[White "Weatherly, Daryll A"]
[Black "Critelli, James M"]
[Result "0-1"]
[WhiteElo "2121"]
[BlackElo "2262"]
[PlyCount "116"]
[EventDate "2007.09.01"]
[EventType "swiss"]
[EventRounds "6"]
[EventCountry "USA"]
[SourceTitle "CBM 120 Extra"]
[Source "ChessBase"]
[SourceDate "2007.11.01"]
[SourceVersion "1"]
[SourceVersionDate "2007.11.01"]
[SourceQuality "1"]

1. e4 c5 2. Nf3 d6 3. d4 cxd4 4. Nxd4 Nf6 5. Nc3 a6 6. Bc4 e6 7. Bb3 Nbd7 8. 0-0 Nc5 9. Re1 Be7 10. Qf3 0-0 11. Bg5 Qc7 12. Qg3 Re8 13. f4 b5 14. e5 dxe5 15. fxe5 Nfd7 16. Ne4 Nxe4 17. Rxe4 Bxg5 18. Qxg5 Bb7 19. Re2 b4 20. Rf1 Nc5 21. Rf4 Nxb3 22. Nxb3 Qb6+ 23. Kh1 Rad8 24. Re1 a5 25. Rg4 g6 26. Qf6 a4 27. Rf1 Rf8 28. Nc1 Ba6 29. Nd3 Bxd3 30. cxd3 Rd4 31. Rgf4 Qc5 32. h4 h5 33. g4 Qd5+ 34. Kh2 Rxf4 35. Rxf4 Qxd3 36. gxh5 Qe2+ 37. Kg3 Qxh5 38. Rxb4 Qd1 39. Rf4 Qe1+ 40. Kh2 Kh7 41. Rf2 Qe3 42. Kg2 Qe4+ 43. Kg3 Qe3+ 44. Kh2 Kh6 45. h5 Kxh5 46. Rf3 Qd2+ 47. Kh1 Qc1+ 48. Rf1 Qg5 49. Qg7 Qh6 50. Rxf7 Qc1+ 51. Kg2 Qxb2+ 52. Kg3 Qc3+ 53. Kg2 Qd2+ 54. Kh3 Qe3+ 55. Kg2 Qg5+ 56. Kh3 Rxf7 57. Qxf7 Qf5+ 58. Qxf5+ gxf5 0-1

[Event "New England Masters"]
[Site "Peabody"]
[Date "2007.08.17"]
[Round "8"]
[White "Critelli, James M"]
[Black "Milman, Lev"]
[Result "0-1"]
[WhiteElo "2262"]
[BlackElo "2499"]
[PlyCount "88"]
[EventDate "2007.08.13"]
[EventType "swiss"]
[EventRounds "9"]
[EventCountry "USA"]
[SourceTitle "CBM 119 Extra"]
[Source "ChessBase"]
[SourceDate "2007.09.04"]
[SourceVersion "1"]
[SourceVersionDate "2007.09.04"]
[SourceQuality "1"]

1. e4 c5 2. Nf3 d6 3. d4 cxd4 4. Nxd4 Nf6 5. Nc3 a6 6. f4 Nbd7 7. a4 g6 8. Nf3 Qc7 9. Bd3 Bg7 10. 0-0 0-0 11. Qe1 Nc5 12. Kh1 Bg4 13. Qh4 b5 14. f5 Nxd3 15. cxd3 Bxf3 16. Rxf3 b4 17. Nd1 Qc2 18. Bg5 Rac8 19. Rh3 h5 20. Qe1 Ng4 21. Rf3 Ne5 22. Rf2 Nxd3 23. Rxc2 Nxe1 24. Rd2 Nc2 25. Rc1 Nd4 26. Rxc8 Rxc8 27. fxg6 fxg6 28. Bxe7 Rc1 29. Kg1 Be5 30. Bg5 Ra1 31. Kf2 Nb3 32. Rd5 Nc5 33. Kf3 Nxa4 34. Ra5 Rxd1 35. Rxa4 Rd3+ 36. Ke2 Rb3 37. Bd2 Rxb2 38. Kd3 b3 39. Rxa6 Ra2 40. Rb6 b2 41. g3 Ra1 42. Kc2 Rh1 43. Bf4 Rxh2+ 44. Kb1 Rh1+ 0-1

[Event "Creon op 12th"]
[Site "Creon"]
[Date "2007.08.03"]
[Round "7"]
[White "Critelli, James M"]
[Black "Mullon, Jean Baptiste"]
[Result "1-0"]
[WhiteElo "2262"]
[BlackElo "2333"]
[PlyCount "97"]
[EventDate "2007.07.30"]
[EventType "swiss"]
[EventRounds "9"]
[EventCountry "FRA"]
[SourceTitle "CBM 119 Extra"]
[Source "ChessBase"]
[SourceDate "2007.09.04"]
[SourceVersion "1"]
[SourceVersionDate "2007.09.04"]
[SourceQuality "1"]

1. e4 c5 2. Nf3 Nc6 3. d4 cxd4 4. Nxd4 Qb6 5. Nb3 Nf6 6. Nc3 e6 7. Bd3 d6 8. a4 Be7 9. 0-0 0-0 10. a5 Qc7 11. f4 Bd7 12. Bd2 Rac8 13. Nb5 Qb8 14. Qf3 a6 15. N5d4 e5 16. fxe5 dxe5 17. Nf5 Bxf5 18. Qxf5 Rc7 19. Bc3 Rd7 20. Rf3 Qc7 21. Rg3 Kh8 22. Rf1 g6 23. Qf2 Nh5 24. Rh3 f6 25. Bd2 Nd4 26. Nxd4 Rxd4 27. Be3 Ra4 28. Kh1 Bd6 29. b3 Ra2 30. Bh6 Bc5 31. Qf3 Nf4 32. Bxf8 Bxf8 33. Rg3 Qxa5 34. Qd1 Qc7 35. Rgf3 Be7 36. Qb1 Ra3 37. Qb2 Qc5 38. Bc4 Qa5 39. g3 Nh3 40. Bd5 Ng5 41. Rd3 Kg7 42. Qc3 Bb4 43. Qb2 Ra2 44. Qb1 Ra3 45. Qc1 Bc3 46. Rxc3 Qxc3 47. Qxa3 Qxc2 48. Qe7+ Kh6 49. Qxf6 1-0

[Event "Creon op 12th"]
[Site "Creon"]
[Date "2007.08.02"]
[Round "5"]
[White "Critelli, James M"]
[Black "Michaud, Stephane"]
[Result "1-0"]
[WhiteElo "2262"]
[BlackElo "1841"]
[PlyCount "45"]
[EventDate "2007.07.30"]
[EventType "swiss"]
[EventRounds "9"]
[EventCountry "FRA"]
[SourceTitle "CBM 119 Extra"]
[Source "ChessBase"]
[SourceDate "2007.09.04"]
[SourceVersion "1"]
[SourceVersionDate "2007.09.04"]
[SourceQuality "1"]

1. e4 d5 2. exd5 Nf6 3. c4 c6 4. d4 cxd5 5. Nc3 dxc4 6. Bxc4 e6 7. Nf3 Nc6 8. 0-0 Bd6 9. Bg5 0-0 10. Bb3 h6 11. Bh4 a6 12. d5 Na5 13. dxe6 fxe6 14. Bc2 Be7 15. Ne5 Qxd1 16. Raxd1 Bb4 17. Ne4 Nxe4 18. Bxe4 Rf4 19. Rd8+ Bf8 20. Bc2 Rxh4 21. Ng6 Rh5 22. Rxf8+ Kh7 23. Rh8# 1-0

[Event "Canadian op"]
[Site "Ottawa"]
[Date "2007.07.07"]
[Round "1"]
[White "Critelli, James M"]
[Black "Ernst, Sipke"]
[Result "1/2-1/2"]
[WhiteElo "2262"]
[BlackElo "2555"]
[PlyCount "132"]
[EventDate "2007.07.07"]
[EventType "swiss"]
[EventRounds "10"]
[EventCountry "CAN"]
[SourceTitle "CBM 119 Extra"]
[Source "ChessBase"]
[SourceDate "2007.09.04"]
[SourceVersion "1"]
[SourceVersionDate "2007.09.04"]
[SourceQuality "1"]

1. e4 e5 2. Nf3 Nc6 3. Bb5 a6 4. Ba4 Nf6 5. 0-0 Nxe4 6. d4 b5 7. Bb3 d5 8. dxe5 Be6 9. Nbd2 Be7 10. c3 0-0 11. Qe2 Bf5 12. Rd1 Nc5 13. Nd4 Nxd4 14. cxd4 Nxb3 15. Nxb3 f6 16. Bf4 fxe5 17. Bxe5 Bg5 18. f4 Be7 19. Rac1 Bd6 20. Re1 Rf7 21. Nc5 h6 22. Qf3 Bf8 23. Nb7 Qc8 24. Nd6 Bxd6 25. Bxd6 Be4 26. Rxe4 dxe4 27. Qxe4 Qe8 28. Be5 Rd8 29. Qg6 Re7 30. Qg3 Qf7 31. b3 Qf5 32. h3 Kh7 33. Rc6 Qe4 34. Rxa6 c6 35. Kh2 Rg8 36. Qg4 Rf7 37. a4 bxa4 38. bxa4 g5 39. Qe6 Qg6 40. Qxg6+ Rxg6 41. fxg5 hxg5 42. Kg3 Rf1 43. Ra8 Re6 44. Ra7+ Kg6 45. Rc7 Ra1 46. h4 gxh4+ 47. Kxh4 Kf5 48. Rf7+ Ke4 49. Rf4+ Kd5 50. Bg7 Rg6 51. Rg4 Rxg4+ 52. Kxg4 Ke4 53. g3 Rxa4 54. Bf6 Ra2 55. Kg5 Rg2 56. Kg4 Re2 57. Bg7 Rb2 58. Kg5 Rb5+ 59. Kg6 Rd5 60. Kf7 Rg5 61. Be5 c5 62. Bf6 Rxg3 63. dxc5 Kd5 64. Be7 Rc3 65. Bd6 Rxc5 66. Bxc5 Kxc5 1/2-1/2

[Event "Eastern Class-ch"]
[Site "Sturbridge"]
[Date "2007.03.10"]
[Round "2"]
[White "Sammour Hasbun, Jorge E"]
[Black "Critelli, James M"]
[Result "1-0"]
[WhiteElo "2449"]
[BlackElo "2249"]
[PlyCount "75"]
[EventDate "2007.03.09"]
[EventType "swiss"]
[EventRounds "5"]
[EventCountry "USA"]
[SourceTitle "CBM 117 Extra"]
[Source "ChessBase"]
[SourceDate "2007.05.09"]
[SourceVersion "1"]
[SourceVersionDate "2007.05.09"]
[SourceQuality "1"]

1. e4 c5 2. Nf3 d6 3. d4 cxd4 4. Nxd4 Nf6 5. Nc3 a6 6. Bg5 e6 7. f4 Qb6 8. Qd2 Nc6 9. Nb3 Ng4 10. f5 h6 11. Bf4 Be7 12. h3 Nge5 13. 0-0-0 Bd7 14. Be2 0-0-0 15. Kb1 Qc7 16. Be3 Kb8 17. Na4 Rde8 18. Rhf1 Rhg8 19. Nb6 Bc8 20. a4 Nd7 21. Nc4 Nf6 22. Bb6 Qd7 23. Qf4 e5 24. Qe3 Bf8 25. a5 d5 26. exd5 Nxd5 27. Qf3 Nxb6 28. Rxd7 Nxd7 29. Qd5 Nf6 30. Qxf7 Be7 31. Nb6 Ne4 32. Nxc8 Rxc8 33. Bd3 Ng5 34. Qh5 e4 35. Bc4 Rgd8 36. h4 Ne5 37. hxg5 Nxc4 38. f6 1-0

[Event "North American op 16th"]
[Site "Las Vegas"]
[Date "2006.12.28"]
[Round "5"]
[White "Khachiyan, Melikset"]
[Black "Critelli, James M"]
[Result "1-0"]
[WhiteElo "2539"]
[BlackElo "2311"]
[PlyCount "55"]
[EventDate "2006.12.26"]
[EventType "swiss"]
[EventRounds "9"]
[EventCountry "USA"]
[SourceTitle "CBM 116 Extra"]
[Source "ChessBase"]
[SourceDate "2007.03.07"]
[SourceVersion "1"]
[SourceVersionDate "2007.03.07"]
[SourceQuality "1"]

1. e4 c5 2. Nf3 d6 3. d4 cxd4 4. Nxd4 Nf6 5. Nc3 a6 6. Be3 e5 7. Nb3 Be6 8. Be2 Be7 9. 0-0 Nbd7 10. a4 Rc8 11. a5 Rxc3 12. bxc3 Nxe4 13. Bf3 Nxc3 14. Qd3 Qc8 15. Nc5 dxc5 16. Qxc3 e4 17. Bxe4 Bf6 18. Qd3 Bxa1 19. Rxa1 Nf6 20. Rb1 c4 21. Qd4 Nxe4 22. Qxg7 Ke7 23. Qe5 f5 24. Qg7+ Bf7 25. f3 Nd6 26. Qe5+ Be6 27. Bg5+ Kd7 28. Rd1 1-0